000 004890000a22001930004500
003 LK-CoMWRAF
005 20230906103559.0
008 230817t1990 ||||| |||| 00| 0 eng d
020 _a0099728605
040 _aLK-CoMWRAF
_dLK-CoMWRAF
_eLK-CoMWRAF
041 _aeng
082 _a231.8
_bPEC
100 _aPeck, M. Scott
245 _aPeople of the lie :
_bThe Hope for healing human evil
260 _aLondon :
_bArrow,
_c1988
300 _a311p
650 _aCounseling
942 _cBK
999 _c1281
_d1281